000
00300nam a2200097 a 4500
005
20200930074828.0
008
111124s1993 000 spa d
245
0
_a
Evaluación de la calidad de la semilla de frijol rojo en la República Dominicana.
260
_a
Santo Domingo,
_c
1993.
999
_c
35536
_d
35536
040
_a
DO-SdBNP